000 00524ntaaa2200205 4500
003 01
005 20251027203003.0
008 0714s1973 ag 01
040 _aAR-BaBN
_bspa
_cAR-BaBN
_eaacr
_dRIC
082 _a428.0000 En3a
100 _aR. de Genijovich, Rosa R
245 _aEnglish alive
250 _a1 ed.
260 _aBuenos Aires :
_bEditorial Kapelusz,
_c1972
300 _a89 p
700 _aBarrenechea, María V.F.
700 _aBarral de Berretta, María E
700 _aOtros,
_913169
942 _cBK
999 _c25276
_d25276